Vista normal Vista MARC

Entrada Topical Term

Número de registros utilizados en: 1

001 - CONTROL NUMBER

  • control field: 10098

003 - CONTROL NUMBER IDENTIFIER

  • control field: OSt

005 - DATE AND TIME OF LATEST TRANSACTION

  • control field: 20200909223132.0

008 - FIXED-LENGTH DATA ELEMENTS

  • fixed length control field: 200909|| aca||aabn | a|a d

040 ## - CATALOGING SOURCE

  • Original cataloging agency: OSt
  • Transcribing agency: OSt

150 ## - HEADING--TOPICAL TERM

  • Topical term or geographic name entry element: Geografía histórica
  • Form subdivision: mapas
  • Geographic subdivision: Colombia

670 ## - SOURCE DATA FOUND

  • Source citation: Work cat.: (OSt)4766: Colombia. Observatorio del Programa Presidencial de Derechos Humanos y DIH 10094, Dinámica espacial de las muertes violentas en Colombia 1990-2005 / , 2008